All- India debt and investment survey 1981-82 : Report (Record no. 499058)

000 -LEADER
fixed length control field 00521cam a22001217a 4500
008 - FIXED-LENGTH DATA ELEMENTS--GENERAL INFORMATION
fixed length control field 180718b1988 xxu||||| |||| 00| 0 eng d
082 ## - DEWEY DECIMAL CLASSIFICATION NUMBER
Classification number XA94068x54 A/1981-82
245 ## - TITLE STATEMENT
Title All- India debt and investment survey 1981-82 : Report
Statement of responsibility, etc. by Department of Statistical Analysis and Computer Services, Reserve Bank of India
260 ## - PUBLICATION, DISTRIBUTION, ETC.
Place of publication, distribution, etc. Bombay
Name of publisher, distributor, etc. Reserve Bank of India
Date of publication, distribution, etc. 1988
300 ## - PHYSICAL DESCRIPTION
Extent 2 vols.
500 ## - GENERAL NOTE
General note Contents: v.1. 159p.;v.2. 247p.
700 ## - ADDED ENTRY--PERSONAL NAME
Personal name Reserve Bank of India. Department of Statistical Analysis and Computer Services
Holdings
Withdrawn status Lost status Damaged status Not for loan Permanent Location Current Location Date acquired Full call number Barcode Date last seen Price effective from Koha item type
        Indian Institute of Public Administration Indian Institute of Public Administration 2018-08-04 XA94068x54 A/1981-82 G18226 2018-08-04 2018-08-04 G
        Indian Institute of Public Administration Indian Institute of Public Administration 2018-08-04 XA94068x54 A/1981-82 G18225 2018-08-04 2018-08-04 G

Powered by Koha